Foods by Tattoo Quiz Stats

 Plays Quiz Updated May 19, 2018

Challenge
Share
Tweet
Score 0/20 Timer 06:00
0 Plays Today
% Correct
Pepperoni Pizza
99.9%
Ice Cream
99.4%
Doughnut
98.7%
Bacon
98.3%
Waffle
98.2%
Cheese
98.1%
Watermelon
98.1%
Pickle
97.8%
Chocolate Chip Cookie
97.5%
Bread
97.5%
% Correct
Apple
97.5%
Cheeseburger
97.4%
Fried Chicken
97.2%
Pretzel
96.8%
Spaghetti and Meatballs
96.4%
Taco
96.3%
Sushi
95.5%
Broccoli
95.5%
Avocado
95.1%
Asparagus
93.8%

You're not logged in!

Compare scores with friends on all Sporcle quizzes.
OR
Log In

You Might Also Like...

Show Comments

Extras

Top Quizzes Today


Score Distribution

Your Account Isn't Verified!

In order to create a playlist on Sporcle, you need to verify the email address you used during registration. Go to your Sporcle Settings to finish the process.

Report this User

Report this user for behavior that violates our Community Guidelines.

Details: